书目信息 |
| 题名: |
文化的反思与重建
|
|
| 作者: | 李小娟 主编 | |
| 分册: | ||
| 出版信息: | 哈尔滨 黑龙江人民出版社 2002 |
|
| 页数: | 597页 | |
| 开本: | 20cm | |
| 丛书名: | ||
| 单 册: | ||
| 中图分类: | G02 | |
| 科图分类: | ||
| 主题词: | 文化哲学 | |
| 电子资源: | ||
| ISBN: | 7-207-04830-0 | |
| 000 | 00689nam0 2200229 450 | |
| 001 | 0560629999 | |
| 005 | 20051031165353.57 | |
| 010 | @a7-207-04830-0@dCNY38.00 | |
| 092 | @aCN | |
| 100 | @a20051031d2002 km y0chiy0120 ea | |
| 101 | 0 | @achi |
| 102 | @aCN@b230000 | |
| 200 | 1 | @a文化的反思与重建@Awen hua de fan si yu chong jian@e跨世纪的文化哲学思考@f李小娟主编@Fli xiao juan zhu bian |
| 205 | @a2版 | |
| 210 | @a哈尔滨@c黑龙江人民出版社@d2002 | |
| 215 | 1 | @a597页@d20cm |
| 517 | 1 | @a跨世纪的文化哲学思考@Akua shi ji de wen hua zhe xue si kao |
| 606 | 0 | @a文化哲学 |
| 690 | @aG02@v4 | |
| 701 | 0 | @a李小娟@Ali xiao juan@4主编 |
| 801 | 0 | @aCN@bPFT@c20051031 |
| 905 | @a10447@dG02@e28=2 | |
| 文化的反思与重建:跨世纪的文化哲学思考/李小娟主编.-2版.-哈尔滨:黑龙江人民出版社,2002 |
| 597页;20cm |
| ISBN 7-207-04830-0:CNY38.00 |
| ● |
| 相关链接 |
|
|
|
|
正题名:文化的反思与重建
索取号:G02/28=2
 
预约/预借
| 序号 | 登录号 | 条形码 | 馆藏地/架位号 | 状态 | 备注 |
| 1 | 0337458 | 203374589 | 第一样本阅览室/ [索取号:G02/28=2] | 在馆 | |
| 2 | 0337459 | 203374598 | 第四借阅区/ [索取号:G02/28=2] | 在馆 | |
| 3 | 0337460 | 203374605 | 第四借阅区/ [索取号:G02/28=2] | 在馆 | |
| 4 | 0337461 | 203374614 | 第四借阅区/ [索取号:G02/28=2] | 在馆 | |
| 5 | 0337462 | 203374623 | 第四借阅区/ [索取号:G02/28=2] | 在馆 |